| 000 | 00000nam##2200000za#4500 |
| 001 | 9.663143 |
| 003 | CaOODSP |
| 005 | 20210615120916 |
| 007 | ta |
| 008 | 150407|2001||||xxc||||| f|0| 0 eng|d |
| 020 | |a0-662-66025-0 |
| 040 | |aCaOODSP|beng |
| 041 | |aeng |
| 041 | |afre |
| 043 | |an-cn--- |
| 086 | 1 |aH49-143/2001 |
| 110 | 1 |aCanada. |bHealth Products and Food Branch. |
| 245 | 10|aUnpasteurized fruit juices and cider : |bknow what you are drinking |
| 260 | |aOttawa - Ontario : |bHealth Canada. |c2001. |
| 546 | |aBilingual |
| 563 | |aPamphlet |
| 590 | |a01-38|b2001-09-21 |
| 690 | 07|aFood safety|2gcpds |
| 690 | 07|aAgri-food products|2gcpds |
| 776 | 0#|tLes jus de fruits non pasteurisés : |w(CaOODSP)9.675630 |
| 792 | |tLes jus de fruit non pasteurisés : |efre|w(CaOODSP)9.663144 |